| 000 | 00781nam a22002177a 4500 | ||
|---|---|---|---|
| 999 |
_c63730 _d63730 |
||
| 005 | 20240530110656.0 | ||
| 008 | 171219s2013 ua a a 000 0 ara d | ||
| 017 |
_a2009/9016 _bمصر. دار الكتب |
||
| 020 | _a9771413708 | ||
| 040 |
_aEG-CaGPL _cEG-CaGPL |
||
| 082 | 0 | 4 |
_221 _a001.01 _bط/ب ك |
| 100 | 1 | _aبرايان ، كيم | |
| 245 | 1 | 0 |
_aكنوز المعرفة / _cهيئة التأليف كيم برايان ( واخ ... ) ؛ ترجمة ابراهيم محمد ابراهيم ( واخ ... ) . |
| 250 | _aط.2 | ||
| 260 |
_aالقاهرة : _bدار نهضة مصر للنشر ، _c2013 . |
||
| 300 |
_a314 ص. ؛ _c28 سم. |
||
| 650 | 0 | 7 |
_2qrmak _aالمعرفة |
| 651 | _2qrmak | ||
| 942 |
_2ddc _cBK |
||